00573nam a22001457a 4500003000900000005001700009008004100026040001300067245005700080250001200137260002100149300001800170490000900188520023000197IT-RoPau20220918175943.0130222b xxu||||| |||| 00| 0 eng d cIT-RoPau aConstitutiones, Pia Societas a Sancto Paulo Apostolo a1° ed. aAlbabPSSPc1927 a75 pp.c22 cm aIvI aIndex generalis Pars prima De fine et membris Piae Societatis a Sancto Paulo Apostolo Part secunda De vita et operibus in Pia Societate a Sancto Paulo Apostolo Part tertia De regimine Piae Socetatis a Sancto Paulo Apostolo